000 00514nmm a2200157Ia 4500
008 251105s9999||||xx |||||||||||||||||und||
041 _aspa
100 _aEchevarría-Cabán, Abdiel
245 0 _aLos perros sabemos como hiere la lluvia
264 _a[Madrid, España] :
_bValparaíso Ediciones,
_c[Fecha de publicación no identificada]
300 _a108 páginas
490 _aColección Valparaíso de Poesía
650 _aPoetry
856 _uhttps://public.digitaliapublishing.com/a/130182
942 _cCF
999 _c98847
_d98847